01125 2200265 4500001002100000005001500021035002000036007000300056008004100059020001800100082001000118084001600128100002100144245004000165250002000205300003800225520042300263600003100686264003600717336002100753337003000774338002300804990001600827990001600843INLIS00000000000006220260413094520 a0010-0426000061ta260413 g 0 ind  a9789797568078 a005.8 a005.8 YAK p0 aYakubePengarang1 aPengantar Sistem Informasi /cYakub aCetakan Pertama a182 :bIlustrasi ;c16 cm x 23 cm aSistem adalah sekelompok elemen-elemen yang terintegrasi dengan tujuan yang sama untuk mencapai tujuan. Informasi adalah data yang diolah menjadi bentuk lebih berguna dan lebih berarti bagi yang menerimanya. Sistem informasi adalah suatu sistem di dalam suatu organisasi yang mempertemukan kebutuhan pengolahan data transaksi harian, mendukung operasi, bersifat manajerial, dan kegiatan strategi dari suatu organisasi. 4aKomputer - Perangkat Lunak aYogyakarta :bGraha Ilmu,c2012 2rdacontentaTeks 2rdamediaaTanpa Perantara 2rdacarrieraVolume aPP000114/19 aPP000314/19